[Event "Winnipeg op"]
[Site "Winnipeg CAN"]
[Date "2018.07.17"]
[Round "7"]
[White "Marshall, Carter"]
[Black "Proulx, Roy"]
[Result "1-0"]
[WhiteElo "1561"]
[BlackElo "1699"]
[PlyCount "85"]
[EventDate "2018.06.05"]
[EventType "swiss"]
[EventRounds "8"]
[EventCountry "CAN"]

1. e4 c5 2. d4 cxd4 3. c3 dxc3 4. Nxc3 Nc6 5. Bc4 e6 6. Nf3 Nf6 7. Bf4 a6 8. e5
Nh5 9. Bg5 Qa5 10. Nd2 Qxe5+ 11. Nde4 Nf6 12. f4 Qd4 13. Nxf6+ gxf6 14. Qxd4
Nxd4 15. Bxf6 Nc2+ 16. Kd2 Rg8 17. Kxc2 Rxg2+ 18. Kb3 b5 19. Bd3 Bb7 20. Be4
Bxe4 21. Nxe4 a5 22. a4 d5 23. Nc3 b4 24. Nb5 Rf2 25. Nc7+ Kd7 26. Nxa8 Rf3+
27. Ka2 b3+ 28. Kb1 Rxf4 29. Bc3 d4 30. Rd1 e5 31. Ra3 Bxa3 32. bxa3 Kc6 33.
Bxa5 Kd5 34. Nb6+ Ke4 35. Bd2 Rf3 36. a5 Kd3 37. a6 Ke2 38. Re1+ Kxd2 39. Rxe5
Rf1+ 40. Kb2 Rf6 41. a7 Rxb6 42. a8=Q Rg6 43. Qa5+ 1-0

[Event "Winnipeg op"]
[Site "Winnipeg CAN"]
[Date "2018.07.17"]
[Round "7"]
[White "Piche, Jeremie"]
[Black "Lei, Yanyu"]
[Result "0-1"]
[WhiteElo "1591"]
[BlackElo "1337"]
[PlyCount "102"]
[EventDate "2018.06.05"]
[EventType "swiss"]
[EventRounds "8"]
[EventCountry "CAN"]

1. e4 c5 2. Nf3 d6 3. d3 Nc6 4. g3 Nf6 5. Bg2 g6 6. O-O Bg7 7. Nbd2 O-O 8. c3
Bg4 9. h3 Bd7 10. Re1 Qc7 11. Nf1 b5 12. Ne3 a5 13. Nd5 Qb7 14. Rb1 Be6 15. c4
bxc4 16. dxc4 Nb4 17. a3 Nbxd5 18. cxd5 Bd7 19. Nd2 Nh5 20. Nc4 Bb5 21. Bf1
Rfb8 22. a4 Bxc4 23. Bxc4 Qc8 24. g4 Be5 25. Kg2 Nf4+ 26. Bxf4 Bxf4 27. Qf3 Be5
28. b3 Rb6 29. Rh1 Qf8 30. Rbf1 Qh6 31. h4 Qf4 32. Qxf4 Bxf4 33. Kf3 Be5 34.
Rh3 Kg7 35. g5 Rh8 36. h5 Rbb8 37. Kg4 h6 38. Rfh1 hxg5 39. h6+ Kf6 40. h7 Bf4
41. Kf3 Ke5 42. Re1 f6 43. Reh1 Rbf8 44. Rh6 Rf7 45. Bb5 f5 46. Bd3 fxe4+ 47.
Bxe4 g4+ 48. Kxg4 Bxh6 49. Rxh6 Kxe4 50. Rxg6 Rhxh7 51. Re6+ Kxd5 0-1

[Event "Winnipeg op"]
[Site "Winnipeg CAN"]
[Date "2018.07.17"]
[Round "7"]
[White "Remillard, John"]
[Black "Piche, Zachary"]
[Result "1-0"]
[WhiteElo "1605"]
[BlackElo "1450"]
[PlyCount "53"]
[EventDate "2018.06.05"]
[EventType "swiss"]
[EventRounds "8"]
[EventCountry "CAN"]

1. g3 c6 2. Bg2 d5 3. f4 Nf6 4. Nf3 Bf5 5. d3 Nbd7 6. O-O e6 7. a3 Bd6 8. h3 h6
9. g4 Bh7 10. e3 Qc7 11. b3 O-O-O 12. Bb2 e5 13. fxe5 Nxe5 14. Nbd2 Nexg4 15.
hxg4 Nxg4 16. Bh3 f5 17. Bxg4 fxg4 18. Nd4 Bh2+ 19. Kh1 Rde8 20. Qxg4+ Kb8 21.
Ne6 Qd6 22. Rf7 Rxe6 23. Qxg7 Rg8 24. Qxh7 Reg6 25. Nf3 Rg2 26. Rxb7+ Kc8 27.
Rxa7 1-0

[Event "Winnipeg op"]
[Site "Winnipeg CAN"]
[Date "2018.07.17"]
[Round "7"]
[White "Rutter, Blair"]
[Black "Prince, Colin"]
[Result "1/2-1/2"]
[WhiteElo "1987"]
[BlackElo "1843"]
[PlyCount "65"]
[EventDate "2018.06.05"]
[EventType "swiss"]
[EventRounds "8"]
[EventCountry "CAN"]

1. c4 e5 2. g3 Nf6 3. Bg2 Bc5 4. Nc3 c6 5. e3 Bb6 6. d3 d5 7. cxd5 cxd5 8. Nge2
Be6 9. Bd2 Qd7 10. O-O Bh3 11. Rc1 h5 12. Qa4 Nc6 13. Qh4 Bxg2 14. Kxg2 Ne7 15.
Qh3 Ng4 16. d4 e4 17. f3 exf3+ 18. Rxf3 f5 19. Qh4 g5 20. Qxg5 h4 21. h3 Nh6
22. Qg7 Nf7 23. a4 a6 24. e4 Rg8 25. Qf6 Rg6 26. Qxh4 fxe4 27. Rxf7 Kxf7 28.
Rf1+ Kg7 29. Qf4 Nc6 30. Be3 Bc7 31. Qf5 Qxf5 32. Rxf5 Ne7 33. Rg5 1/2-1/2

[Event "Winnipeg op"]
[Site "Winnipeg CAN"]
[Date "2018.07.24"]
[Round "8"]
[White "Boron, Anthony"]
[Black "Prince, Colin"]
[Result "1/2-1/2"]
[WhiteElo "2028"]
[BlackElo "1843"]
[PlyCount "46"]
[EventDate "2018.06.05"]
[EventType "swiss"]
[EventRounds "8"]
[EventCountry "CAN"]

1. e4 e5 2. Nf3 Nc6 3. Bb5 a6 4. Bxc6 dxc6 5. O-O Bg4 6. h3 h5 7. d3 Qf6 8. Be3
Bxf3 9. Qxf3 Qxf3 10. gxf3 Bd6 11. Nd2 Ne7 12. Nc4 Ng6 13. Kh2 f5 14. Rg1 Kf7
15. Nxd6+ cxd6 16. exf5 Nh4 17. Rg3 Nxf5 18. Rg5 g6 19. Rag1 Rag8 20. Rd1 Nh4
21. Kg3 Nf5+ 22. Kh2 Nh4 23. Kg3 Nf5+ 1/2-1/2

[Event "Winnipeg op"]
[Site "Winnipeg CAN"]
[Date "2018.07.24"]
[Round "8"]
[White "Flynn, Darren"]
[Black "Piche, Jeremie"]
[Result "0-1"]
[WhiteElo "1357"]
[BlackElo "1591"]
[PlyCount "66"]
[EventDate "2018.06.05"]
[EventType "swiss"]
[EventRounds "8"]
[EventCountry "CAN"]

1. e4 c5 2. Nf3 d6 3. Bb5+ Bd7 4. Bxd7+ Nxd7 5. O-O g6 6. Nc3 Bg7 7. d3 Ngf6 8.
Bg5 Qc7 9. h3 a6 10. a4 h6 11. Bf4 e5 12. Bg3 Nf8 13. Nd5 Nxd5 14. exd5 Nd7 15.
c4 O-O-O 16. Nd2 f5 17. Rb1 a5 18. f4 Rde8 19. fxe5 Nxe5 20. Nf3 Nxf3+ 21. Qxf3
Bd4+ 22. Bf2 Qg7 23. b3 Bc3 24. Qf4 Kc7 25. Bxc5 Be5 26. Qf2 dxc5 27. Qxc5+ Kb8
28. Qxa5 Bc7 29. Qd2 Qe5 30. Kf2 Qg3+ 31. Kg1 Re3 32. Rbd1 Rhe8 33. Qf2 Qh2#
0-1

[Event "Winnipeg op"]
[Site "Winnipeg CAN"]
[Date "2018.07.24"]
[Round "8"]
[White "Gregoryanz, Philipp"]
[Black "Leaden, Bruce"]
[Result "1-0"]
[WhiteElo "1409"]
[BlackElo "1564"]
[PlyCount "67"]
[EventDate "2018.06.05"]
[EventType "swiss"]
[EventRounds "8"]
[EventCountry "CAN"]

1. e4 e6 2. d4 d5 3. exd5 exd5 4. Nc3 Nf6 5. Nf3 Be7 6. Bd3 O-O 7. Ng5 h6 8. h4
Re8 9. Be3 Ng4 10. Qf3 Bxg5 11. hxg5 Nxe3 12. fxe3 Qxg5 13. O-O-O Bg4 14. Qxd5
Qxe3+ 15. Rd2 Nc6 16. Rf1 Be6 17. Qh5 Nxd4 18. Ne4 Ne2+ 19. Bxe2 Qxe4 20. Kb1
Rad8 21. Bd3 Qg4 22. Qh2 c6 23. Rdf2 Bc4 24. Rf3 Bxd3 25. cxd3 Re7 26. Rg3 Qe6
27. Qh4 Kh7 28. Rgf3 Rdd7 29. g4 g5 30. Qh3 Rd4 31. Rf6 Qe5 32. Qxh6+ Kg8 33.
Rg6+ fxg6 34. Rf8# 1-0

[Event "Winnipeg op"]
[Site "Winnipeg CAN"]
[Date "2018.07.24"]
[Round "8"]
[White "He, Michael"]
[Black "Baron, Gustav"]
[Result "0-1"]
[WhiteElo "1371"]
[BlackElo "2250"]
[PlyCount "91"]
[EventDate "2018.06.05"]
[EventType "swiss"]
[EventRounds "8"]
[EventCountry "CAN"]

1. e4 Nf6 2. e5 Nd5 3. c4 Nb6 4. Nc3 d6 5. f4 g6 6. Nf3 Bg7 7. d4 O-O 8. Bd3
dxe5 9. dxe5 Nc6 10. Be3 Bg4 11. O-O Nd4 12. Bxd4 Bxf3 13. Qxf3 Qxd4+ 14. Kh1
Nxc4 15. Bxc4 Qxc4 16. Qxb7 Rab8 17. Qd5 Qxd5 18. Nxd5 e6 19. Ne7+ Kh8 20. b3
Rfe8 21. Nc6 Rb6 22. Rac1 a6 23. Rfd1 f6 24. Rd7 fxe5 25. Nxe5 Bxe5 26. fxe5 c6
27. Rd6 Rb5 28. Rcxc6 Rxe5 29. g3 Re2 30. Rxa6 e5 31. a4 e4 32. Re6 Rf8 33. Rf6
Rg8 34. Ra7 Rd8 35. Rf1 Kg8 36. Raf7 Rdd2 37. R1f4 Rxh2+ 38. Kg1 Rhg2+ 39. Kf1
Rxg3 40. Rf8+ Kg7 41. R8f7+ Kh6 42. Rxe4 Rxb3 43. Rfe7 Rb1+ 44. Re1 Rxe1+ 45.
Rxe1 Rd4 46. Ra1 0-1

[Event "Winnipeg op"]
[Site "Winnipeg CAN"]
[Date "2018.07.24"]
[Round "8"]
[White "Lei, Yanyu"]
[Black "Remillard, John"]
[Result "0-1"]
[WhiteElo "1337"]
[BlackElo "1605"]
[PlyCount "78"]
[EventDate "2018.06.05"]
[EventType "swiss"]
[EventRounds "8"]
[EventCountry "CAN"]

1. d4 e6 2. c4 c5 3. d5 d6 4. Nc3 Be7 5. e4 e5 6. Bd3 Nf6 7. Nge2 Na6 8. f4
exf4 9. Bxf4 Nc7 10. Qd2 Ng4 11. h3 Ne5 12. O-O-O Nxd3+ 13. Qxd3 O-O 14. g4 Bd7
15. Rdg1 a6 16. h4 b5 17. Qg3 Be8 18. cxb5 Nxb5 19. h5 a5 20. h6 g6 21. Nxb5
Bxb5 22. Rg2 a4 23. Qc3 f6 24. g5 Rf7 25. gxf6 Bxf6 26. e5 dxe5 27. Bxe5 Bxe2
28. Rxe2 Bg5+ 29. Kb1 Qxd5 30. Ree1 Bd2 31. Rd1 Qxh1 32. Qxd2 Rf1 33. Rxf1
Qxf1+ 34. Kc2 Qf5+ 35. Kc1 Qxe5 36. Qd3 Re8 37. Qc4+ Kh8 38. Kc2 Qe4+ 39. Qxe4
Rxe4 0-1

[Event "Winnipeg op"]
[Site "Winnipeg CAN"]
[Date "2018.07.24"]
[Round "8"]
[White "Magyar, Peter"]
[Black "Gannon, Keith"]
[Result "1-0"]
[WhiteElo "1487"]
[BlackElo "1544"]
[PlyCount "89"]
[EventDate "2018.06.05"]
[EventType "swiss"]
[EventRounds "8"]
[EventCountry "CAN"]

1. d4 d5 2. Bf4 Bf5 3. e3 e6 4. Be2 Be7 5. Nf3 Nf6 6. h3 h6 7. Nbd2 O-O 8. O-O
Nbd7 9. c3 a6 10. a4 c5 11. Bh2 cxd4 12. cxd4 Ne4 13. Ne5 Nxd2 14. Qxd2 Nxe5
15. Bxe5 Rc8 16. Rac1 Rxc1 17. Rxc1 Bd6 18. Bxd6 Qxd6 19. b4 Rd8 20. b5 axb5
21. axb5 Qb6 22. Rc5 Bg6 23. Qc3 f6 24. Rc8 Rxc8 25. Qxc8+ Kh7 26. Qc5 Qd8 27.
b6 Be8 28. Qc7 Qd7 29. Ba6 Qa4 30. Bxb7 Qd1+ 31. Kh2 Qe2 32. Kg3 Qh5 33. Bc6
Qg5+ 34. Kh2 Bxc6 35. Qxc6 Qh4 36. g3 Qe4 37. b7 Qf3 38. Kg1 Qd1+ 39. Kg2 Qb1
40. h4 Qe4+ 41. Kh2 Qf3 42. Qc2+ f5 43. b8=Q g5 44. Qe5 gxh4 45. Qcc7+ 1-0

[Event "Winnipeg op"]
[Site "Winnipeg CAN"]
[Date "2018.07.24"]
[Round "8"]
[White "Marshall, Carter"]
[Black "Einarsson, Ken"]
[Result "0-1"]
[WhiteElo "1561"]
[BlackElo "1849"]
[PlyCount "58"]
[EventDate "2018.06.05"]
[EventType "swiss"]
[EventRounds "8"]
[EventCountry "CAN"]

1. e4 c6 2. d4 d5 3. e5 Bf5 4. Bd3 Bxd3 5. Qxd3 e6 6. Nf3 Nd7 7. Nc3 c5 8. Be3
c4 9. Qe2 Ne7 10. O-O Nc6 11. a3 Be7 12. Nb5 O-O 13. Nd6 Qb6 14. c3 f6 15. exf6
Bxf6 16. Bg5 Nxd4 17. cxd4 Qxd6 18. Rfe1 Rae8 19. Bd2 Qb6 20. Bb4 Rf7 21. Nd2
Bxd4 22. Rf1 Ne5 23. Bc3 Ref8 24. Bxd4 Qxd4 25. Nf3 Nxf3+ 26. gxf3 e5 27. Rad1
Qf4 28. Rxd5 Rf5 29. Qxc4 Qxc4 0-1

[Event "Winnipeg op"]
[Site "Winnipeg CAN"]
[Date "2018.07.24"]
[Round "8"]
[White "Piche, Zachary"]
[Black "Klokow, John"]
[Result "0-1"]
[WhiteElo "1430"]
[BlackElo "1767"]
[PlyCount "76"]
[EventDate "2018.06.05"]
[EventType "swiss"]
[EventRounds "8"]
[EventCountry "CAN"]

1. Nf3 Nf6 2. g3 g6 3. c4 Bg7 4. Bg2 O-O 5. Nc3 d5 6. cxd5 Nxd5 7. e4 Nxc3 8.
bxc3 Qd3 9. Qe2 Qxe2+ 10. Kxe2 Bd7 11. d4 c5 12. Rb1 Re8 13. Be3 Na6 14. h4 b5
15. h5 Rac8 16. hxg6 hxg6 17. Bh3 Bxh3 18. Rxh3 b4 19. cxb4 cxb4 20. Rd1 Rc2+
21. Rd2 Rxd2+ 22. Kxd2 Nc7 23. Bh6 Nb5 24. Bxg7 Kxg7 25. Kd3 Rc8 26. Ng5 Rc3+
27. Kd2 Nxd4 28. Rh7+ Kg8 29. Rxf7 Ne6 30. Rxe7 Nxg5 31. Rxa7 Nxe4+ 32. Ke2 Ra3
33. Rxa3 bxa3 34. Ke3 Nc3 35. Kd2 Nxa2 36. Kc2 Nb4+ 37. Kb3 a2 38. Kb2 Kf7 0-1

[Event "Winnipeg op"]
[Site "Winnipeg CAN"]
[Date "2018.07.24"]
[Round "8"]
[White "Trueman, Francis"]
[Black "Letain, Cory"]
[Result "0-1"]
[WhiteElo "1410"]
[BlackElo "1733"]
[PlyCount "80"]
[EventDate "2018.06.05"]
[EventType "swiss"]
[EventRounds "8"]
[EventCountry "CAN"]

1. Nf3 Nf6 2. d3 g6 3. Nbd2 Bg7 4. g3 O-O 5. Bg2 d6 6. O-O Nbd7 7. Re1 c6 8. e4
e5 9. a4 a5 10. Qe2 Re8 11. Nf1 Qc7 12. h4 Nf8 13. N1h2 Ng4 14. Nd2 Nxh2 15.
Kxh2 f5 16. Bf3 Ne6 17. c3 f4 18. g4 Qd7 19. Rg1 Bf6 20. g5 Bg7 21. Bg4 Qf7 22.
Nc4 Bf8 23. Nb6 Ra6 24. Nxc8 Rxc8 25. Bd2 Re8 26. Rg2 Nc5 27. Rag1 Nxa4 28. h5
Nxb2 29. hxg6 hxg6 30. Kh1 Be7 31. Qf3 Kg7 32. Qh3 Rh8 33. Qh6+ Rxh6+ 34. gxh6+
Kh7 35. Bf5 Qf6 36. Bxg6+ Kh8 37. Rh2 a4 38. h7 Ra8 39. Be8 Rxe8 40. Rg8+ Rxg8
0-1

[Event "Winnipeg op"]
[Site "Winnipeg CAN"]
[Date "2018.07.24"]
[Round "8"]
[White "Wolchock, Theo"]
[Black "Ma, Derek"]
[Result "1/2-1/2"]
[WhiteElo "2021"]
[BlackElo "1961"]
[PlyCount "52"]
[EventDate "2018.06.05"]
[EventType "swiss"]
[EventRounds "8"]
[EventCountry "CAN"]

1. Nf3 Nf6 2. g3 g6 3. b3 Bg7 4. Bb2 O-O 5. Bg2 c5 6. c4 Nc6 7. O-O d6 8. d4
cxd4 9. Nxd4 Bd7 10. e3 Nxd4 11. exd4 Bg4 12. Qd2 d5 13. c5 Qd7 14. Re1 Ne4 15.
Qe3 Nxc5 16. Nc3 Ne4 17. Nxe4 dxe4 18. Qxe4 Rac8 19. Qxb7 Rc2 20. Qxd7 Bxd7 21.
Rab1 Bf5 22. Be4 Bxe4 23. Rxe4 e6 24. Kf1 Rd8 25. Re2 Rxe2 26. Kxe2 Bxd4
1/2-1/2

[Event "Winter Classic"]
[Site "Montreal CAN"]
[Date "2018.01.02"]
[Round "1.1"]
[White "Bassel, Charaf"]
[Black "Abbas, Talal"]
[Result "1-0"]
[WhiteElo "2158"]
[BlackElo "1898"]
[PlyCount "41"]
[EventDate "2018.01.02"]
[EventType "swiss"]
[EventRounds "5"]
[EventCountry "CAN"]

1. c4 e6 2. Nc3 Nf6 3. e3 b6 4. d4 Bb7 5. Nf3 Bb4 6. Qc2 c5 7. Bd3 d5 8. cxd5
Qxd5 9. Bd2 Bxc3 10. Bxc3 c4 11. Be2 O-O 12. a4 a6 13. O-O Nbd7 14. Rfb1 Ne4
15. Ne1 f5 16. f3 Nd6 17. Bb4 Rfc8 18. b3 b5 19. Bxd6 Qxd6 20. bxc4 Qb8 21. Qb3
1-0

[Event "Winter Classic"]
[Site "Montreal CAN"]
[Date "2018.01.02"]
[Round "1.2"]
[White "Jia, Zhe"]
[Black "Tanaka, Tyler"]
[Result "0-1"]
[WhiteElo "1895"]
[BlackElo "2119"]
[PlyCount "188"]
[EventDate "2018.01.02"]
[EventType "swiss"]
[EventRounds "5"]
[EventCountry "CAN"]

1. Nf3 Nf6 2. c4 g6 3. g3 Bg7 4. Bg2 O-O 5. Nc3 d6 6. O-O Nc6 7. a3 e5 8. d3 a5
9. Rb1 Re8 10. Ne1 Bf5 11. b3 e4 12. Bb2 exd3 13. exd3 Qd7 14. Nc2 Bh3 15. Ne3
Bxg2 16. Kxg2 Ne5 17. d4 Neg4 18. Qf3 c6 19. d5 Nxe3+ 20. fxe3 Ng4 21. e4 Ne5
22. Qe2 c5 23. a4 Re7 24. Qc2 Rae8 25. Rbe1 h5 26. h3 Qd8 27. Re2 Nd7 28. Nb5
Bxb2 29. Qxb2 Qb8 30. Nc3 Re5 31. Ref2 R8e7 32. Rf4 Nf8 33. Qc2 Nh7 34. h4 Qe8
35. R1f2 Qd7 36. Qd1 Kg7 37. Kh2 Re8 38. Qf3 Rf8 39. Qd1 Qe7 40. Kh3 Qd7+ 41.
Kh2 Qe7 42. Kh3 f6 43. Kh2 Qd7 44. Kg2 Rfe8 45. Qd3 Qe7 46. Kh2 Kg8 47. Qc2 Kh8
48. Qd2 Rg8 49. Rg2 Nf8 50. Rf3 Kh7 51. Qf2 Nd7 52. Qd2 b6 53. Qc1 Qf8 54. Qd2
Re8 55. Kg1 Ne5 56. Rf4 Ng4 57. Qd3 Qe7 58. Re2 Qe5 59. Nb5 Re7 60. Nc3 Reg7
61. Nd1 Re8 62. Nf2 Nh6 63. Kh2 Rge7 64. Rc2 Kg7 65. Qc3 Qxc3 66. Rxc3 f5 67.
exf5 Nxf5 68. Kg2 Re2 69. Kh3 R8e3 70. Rxe3 Rxe3 71. Ne4 Rxb3 72. Kg2 Ra3 73.
g4 hxg4 74. h5 Nh4+ 75. Kh1 gxh5 76. Nxd6 Ra1+ 77. Kh2 Nf3+ 78. Kg2 Ne5 79. Ne4
h4 80. d6 Ra2+ 81. Kh1 Ra1+ 82. Kh2 Nf3+ 83. Kg2 h3+ 84. Kf2 Ra2+ 85. Kf1 Ra1+
86. Kf2 Ra2+ 87. Kf1 h2 88. Rxg4+ Kf7 89. Ng3 Nd2+ 90. Kg2 Nxc4+ 91. Kh1 Nxd6
92. Nf1 c4 93. Rd4 Ke6 94. Nxh2 Rxa4 0-1

[Event "Winter Classic"]
[Site "Montreal CAN"]
[Date "2018.01.02"]
[Round "1.3"]
[White "Zhong, Kevin"]
[Black "Gauthier, Denis"]
[Result "1-0"]
[WhiteElo "2080"]
[BlackElo "1867"]
[PlyCount "85"]
[EventDate "2018.01.02"]
[EventType "swiss"]
[EventRounds "5"]
[EventCountry "CAN"]

1. e4 c5 2. Ne2 e6 3. d4 cxd4 4. Nxd4 Nc6 5. Nc3 Qc7 6. Be3 Nf6 7. Qf3 Be7 8.
Ndb5 Qb8 9. Bf4 e5 10. Bg5 a6 11. Bxf6 Bxf6 12. Na3 Ne7 13. Nc4 b5 14. Ne3 Bb7
15. Rd1 Qc7 16. Bd3 b4 17. Ncd5 Nxd5 18. exd5 d6 19. O-O Bc8 20. Rc1 O-O 21.
Qe4 g6 22. Qxb4 Rb8 23. Qc4 Qb6 24. b3 Bg5 25. Rce1 f5 26. Qc6 Qxc6 27. dxc6
Rb6 28. Bc4+ Kg7 29. Bd5 Rb5 30. a4 Rb8 31. c7 Rb4 32. c3 Rb6 33. Nc4 Rxb3 34.
h4 Bh6 35. Nxd6 Rxc3 36. Rxe5 Bf4 37. Ne8+ Kh6 38. Re7 Rc5 39. Rd1 Rc1 40. Rxc1
Bxc1 41. Be6 Ba3 42. Bxc8 Bxe7 43. Bd7 1-0

[Event "Winter Classic"]
[Site "Montreal CAN"]
[Date "2018.01.02"]
[Round "1.4"]
[White "Lesage, Philippe"]
[Black "Saine, Zachary"]
[Result "0-1"]
[WhiteElo "1765"]
[BlackElo "1967"]
[PlyCount "94"]
[EventDate "2018.01.02"]
[EventType "swiss"]
[EventRounds "5"]
[EventCountry "CAN"]

1. c4 e6 2. Nf3 d5 3. g3 Nf6 4. Bg2 c6 5. O-O Be7 6. d4 Nbd7 7. Nbd2 O-O 8. Qc2
b5 9. c5 Qc7 10. e4 dxe4 11. Nxe4 Nd5 12. Nfg5 h6 13. Nh3 a5 14. Nf4 Rd8 15.
Nxd5 cxd5 16. Nc3 Ba6 17. Bf4 Qc6 18. Rfe1 Bf6 19. Rad1 b4 20. Ne2 a4 21. Bd6
Nb6 22. Qc1 Nc4 23. Bf4 a3 24. b3 Nb2 25. Rd2 Nd3 26. Rxd3 Bxd3 27. Qd2 Qb5 28.
Be3 Bf5 29. Nf4 Bg5 30. h4 Bxf4 31. Bxf4 Qd3 32. Qxb4 Qc2 33. Qd2 Qb2 34. Rc1
f6 35. Bf3 Kh8 36. g4 Bh7 37. c6 e5 38. dxe5 fxe5 39. Bxh6 gxh6 40. Qxh6 e4 41.
Bg2 Rf8 42. Rf1 Qf6 43. Qc1 Qf4 44. Qc3+ Qf6 45. Qc1 Rfc8 46. g5 Qxc6 47. Qa1+
Qc3 0-1

[Event "Winter Classic"]
[Site "Montreal CAN"]
[Date "2018.01.02"]
[Round "1.5"]
[White "Dumouchel, Alain"]
[Black "Craciun, David"]
[Result "0-1"]
[WhiteElo "1918"]
[BlackElo "1660"]
[PlyCount "28"]
[EventDate "2018.01.02"]
[EventType "swiss"]
[EventRounds "5"]
[EventCountry "CAN"]

1. e4 e5 2. Nf3 Nc6 3. Bb5 a6 4. Ba4 Nf6 5. O-O Be7 6. c3 b5 7. Bb3 O-O 8. a4
Bb7 9. d4 Nxe4 10. Qe2 d5 11. axb5 axb5 12. Rxa8 Qxa8 13. dxe5 Na5 14. Qxb5 c6
0-1

[Event "Winter Classic"]
[Site "Montreal CAN"]
[Date "2018.01.03"]
[Round "2.1"]
[White "Saine, Zachary"]
[Black "Bassel, Charaf"]
[Result "0-1"]
[WhiteElo "1967"]
[BlackElo "2158"]
[PlyCount "94"]
[EventDate "2018.01.02"]
[EventType "swiss"]
[EventRounds "5"]
[EventCountry "CAN"]

1. e4 e5 2. Nf3 Nf6 3. Nxe5 d6 4. Nf3 Nxe4 5. d4 d5 6. Bd3 Nc6 7. Nbd2 f5 8.
O-O Bd6 9. c4 Nb4 10. Bb1 c6 11. a3 Na6 12. cxd5 cxd5 13. Ba2 Nc7 14. Re1 Be6
15. Nxe4 dxe4 16. Ng5 Bxa2 17. Rxa2 Be7 18. Qh5+ g6 19. Qh6 Qd5 20. Ra1 O-O-O
21. Bf4 Bd6 22. Bxd6 Rxd6 23. h3 Rd7 24. Rad1 Kb8 25. f3 Re8 26. fxe4 fxe4 27.
Qh4 e3 28. Rd3 Rde7 29. Nxh7 Qf5 30. Rdd1 Qf2+ 31. Qxf2 exf2+ 32. Kxf2 Rxh7 33.
Rxe8+ Nxe8 34. Kf3 Rf7+ 35. Kg3 Kc7 36. b4 Nd6 37. Kg4 Rf5 38. Rc1+ Kd7 39. Rc5
Ke6 40. Re5+ Kf6 41. Rxf5+ Nxf5 42. Kf4 Nxd4 43. a4 Ne2+ 44. Kf3 Nc3 45. a5 a6
46. g4 g5 47. Kg3 Nd5 0-1

[Event "Winter Classic"]
[Site "Montreal CAN"]
[Date "2018.01.03"]
[Round "2.2"]
[White "Tanaka, Tyler"]
[Black "Craciun, David"]
[Result "1-0"]
[WhiteElo "2119"]
[BlackElo "1660"]
[PlyCount "65"]
[EventDate "2018.01.02"]
[EventType "swiss"]
[EventRounds "5"]
[EventCountry "CAN"]

1. e4 e5 2. Nf3 Nc6 3. Bb5 Nf6 4. d3 d6 5. c3 a6 6. Ba4 b5 7. Bc2 Bb7 8. O-O
Be7 9. Re1 O-O 10. Nbd2 Nb8 11. Nf1 Nbd7 12. Bg5 Re8 13. Ne3 Nc5 14. Nf5 Bf8
15. Nd2 Ne6 16. Bh4 Nf4 17. Qf3 c5 18. Bg5 Ng6 19. Bxf6 gxf6 20. Nf1 d5 21. h4
Ne7 22. Nxe7+ Bxe7 23. Ne3 d4 24. Nf5 Kh8 25. cxd4 cxd4 26. Bb3 Bb4 27. Rec1
Re6 28. Qg4 Qf8 29. Rc7 Bc8 30. Rac1 Qg8 31. Qxg8+ Kxg8 32. Rxc8+ Rxc8 33.
Rxc8+ 1-0

[Event "Winter Classic"]
[Site "Montreal CAN"]
[Date "2018.01.03"]
[Round "2.4"]
[White "Gauthier, Denis"]
[Black "Dumouchel, Alain"]
[Result "1-0"]
[WhiteElo "1867"]
[BlackElo "1918"]
[PlyCount "63"]
[EventDate "2018.01.02"]
[EventType "swiss"]
[EventRounds "5"]
[EventCountry "CAN"]

1. d4 Nf6 2. c4 g6 3. Nc3 Bg7 4. e4 d6 5. Bd3 O-O 6. Nge2 Nc6 7. O-O e5 8. d5
Ne7 9. Ng3 Nd7 10. Bg5 f6 11. Bd2 f5 12. exf5 gxf5 13. f4 e4 14. Be2 Bd4+ 15.
Kh1 c6 16. Be1 Be3 17. dxc6 bxc6 18. Qxd6 Rf6 19. Qd1 Rh6 20. Bh5 Qf8 21. Qe2
Bd4 22. Rd1 Qg7 23. Bf2 c5 24. Nd5 Nxd5 25. Nxf5 Qxg2+ 26. Kxg2 Nxf4+ 27. Kh1
Nxe2 28. Nxh6+ Kg7 29. Nf5+ Kf6 30. Bxe2 e3 31. Bxe3 Bb7+ 32. Bf3 1-0

[Event "Winter Classic"]
[Site "Montreal CAN"]
[Date "2018.01.03"]
[Round "2.5"]
[White "Abbas, Talal"]
[Black "Lesage, Philippe"]
[Result "1-0"]
[WhiteElo "1898"]
[BlackElo "1765"]
[PlyCount "117"]
[EventDate "2018.01.02"]
[EventType "swiss"]
[EventRounds "5"]
[EventCountry "CAN"]

1. d4 Nf6 2. c4 e6 3. Nf3 Bb4+ 4. Bd2 Qe7 5. Nc3 b6 6. Qc2 Bb7 7. e3 Bxc3 8.
Bxc3 Ne4 9. Bd3 Nxc3 10. Qxc3 f5 11. O-O-O Nc6 12. Kb1 Nb4 13. Ka1 Nxd3 14.
Qxd3 Be4 15. Qe2 Bb7 16. Rhg1 O-O-O 17. Nd2 Rhf8 18. Nb1 Qb4 19. a3 Qd6 20. f3
Ba6 21. Qc2 Qc6 22. Rc1 d6 23. b4 Qd7 24. Rgd1 Qe7 25. Re1 Kb8 26. Nd2 e5 27.
d5 Qf6 28. Qc3 Bb7 29. b5 Rde8 30. Kb2 e4 31. fxe4 Qxc3+ 32. Kxc3 fxe4 33. Rf1
Bc8 34. Kd4 g6 35. Nxe4 Bf5 36. Ng3 Bg4 37. Rce1 Kc8 38. e4 h5 39. e5 Rxf1 40.
Nxf1 dxe5+ 41. Rxe5 Rxe5 42. Kxe5 Be2 43. Ne3 Kd7 44. h4 Ke7 45. g3 Bd3 46. Kd4
Be2 47. Ng2 Bg4 48. Nf4 Bf5 49. Nd3 Bxd3 50. Kxd3 Kf6 51. Kd4 Kf5 52. c5 bxc5+
53. Kxc5 Kg4 54. Kc6 Kxg3 55. Kxc7 Kxh4 56. d6 Kg3 57. d7 h4 58. d8=Q h3 59.
Qg5+ 1-0

[Event "Winter Classic"]
[Site "Montreal CAN"]
[Date "2018.01.03"]
[Round "2.6"]
[White "Guan, Zi Yu"]
[Black "Jia, Zhe"]
[Result "0-1"]
[WhiteElo "1643"]
[BlackElo "1895"]
[PlyCount "80"]
[EventDate "2018.01.02"]
[EventType "swiss"]
[EventRounds "5"]
[EventCountry "CAN"]

1. e4 c5 2. Nf3 d6 3. d4 cxd4 4. Nxd4 Nf6 5. Nc3 a6 6. Be2 e5 7. Nb3 Be7 8. Be3
Be6 9. O-O O-O 10. f4 exf4 11. Bxf4 Nc6 12. Bf3 Ne5 13. Nd5 Nxf3+ 14. Qxf3 Bxd5
15. exd5 Rc8 16. Rac1 Qc7 17. c4 Qd7 18. Nd4 Rfe8 19. Bg3 Bf8 20. b3 Ne4 21.
Rfe1 Nxg3 22. Qxg3 g6 23. Qf4 Bg7 24. Nf3 Bb2 25. Rb1 Bc3 26. Rf1 Re7 27. Rbc1
Bb4 28. Kh1 Bc5 29. Rce1 Rce8 30. Rxe7 Rxe7 31. h3 Be3 32. Qf6 Bh6 33. Ng5 Bg7
34. Qf4 Bh6 35. Qf6 Bxg5 36. Qxg5 Re2 37. a3 f5 38. Qf6 Qe7 39. Qc3 Qe4 40. Rg1
Re3 0-1

[Event "Winter Classic"]
[Site "Montreal CAN"]
[Date "2018.01.04"]
[Round "3.1"]
[White "Bassel, Charaf"]
[Black "Tanaka, Tyler"]
[Result "0-1"]
[WhiteElo "2158"]
[BlackElo "2119"]
[PlyCount "92"]
[EventDate "2018.01.02"]
[EventType "swiss"]
[EventRounds "5"]
[EventCountry "CAN"]

1. c4 Nf6 2. Nc3 g6 3. g3 Bg7 4. Bg2 O-O 5. Nf3 c5 6. O-O Nc6 7. d4 d6 8. d5
Na5 9. Nd2 a6 10. h3 Rb8 11. a4 e6 12. e4 exd5 13. exd5 Re8 14. Re1 Bf5 15. Ra3
Qd7 16. g4 Bd3 17. Rxe8+ Rxe8 18. Bf1 Bxf1 19. Kxf1 h5 20. f3 hxg4 21. hxg4 Nh7
22. Nce4 f5 23. gxf5 Qxf5 24. Ke2 Ng5 25. Re3 Re7 26. Kd3 b5 27. axb5 axb5 28.
b3 Qe5 29. Qg1 Qd4+ 30. Ke2 Nxe4 31. fxe4 bxc4 32. Nf3 Qf6 33. e5 dxe5 34. Bb2
Nxb3 35. Bxe5 Nd4+ 36. Nxd4 Rxe5 37. Nc6 Rxe3+ 38. Qxe3 Qb2+ 39. Kf1 Qb1+ 40.
Ke2 Qc2+ 41. Kf3 Qd1+ 42. Kg3 Qd3 43. Kf2 Bd4 44. Nxd4 Qxd4 45. d6 Qxe3+ 46.
Kxe3 Kf7 0-1